[Event "29th CRO-chT Junior 2020"]
[Site "Cakovec"]
[Date "2020.07.15"]
[Round "4.1"]
[White "Karlovcec, David"]
[Black "Levacic, Matej"]
[Result "1/2-1/2"]
[WhiteElo "1655"]
[BlackElo "2040"]
[Annotator "TA"]
[PlyCount "46"]
[EventDate "2020.07.14"]
[EventType "team-tourn"]
[EventCountry "CRO"]
[SourceTitle "playchess.com"]
[Source "ChessBase"]
[SourceQuality "1"]

{[%evp 11,46,-13,-3,-8,-15,-17,-14,-35,-26,-44,-30,-36,-32,-22,-21,-70,-76,-55,-56,-58,-22,-26,-6,-23,22,0,0,0,0,0,8,0,37,38,35,24,41]} 1. e4 c6 2. d4 d5 3. e5 Bf5 4. Bd3 Bxd3 5. Qxd3 e6 6. f4 c5 7. Nf3 {B12: Caro-Kann: Advance Variation.} Nc6 8. c3 Nh6 9. Be3 {The position is equal.} Qb6 10. Qd2 Nf5 11. Bf2 h5 {[#]} 12. O-O $146 ({Predecessor:} 12. g3 Rc8 13. O-O Na5 14. Qe2 Be7 15. Kg2 Qc6 16. Nbd2 cxd4 17. cxd4 a6 18. Rfc1 Qxc1 19. Rxc1 Rxc1 {0-1 (31) Gheorghiu,A (1712)-Isfan,I (1958) Baile Felix 2017}) 12... Rc8 13. Na3 cxd4 14. Nxd4 Ncxd4 15. Bxd4 Qa6 16. Nc2 Be7 17. Bf2 O-O 18. Nd4 Nxd4 19. Bxd4 g6 20. Qe3 Qb5 21. b4 Kh7 22. Bxa7 Qa4 23. Bd4 Ra8 {Accuracy: White = 91%, Black = 81%.} 1/2-1/2

[Event "29th CRO-chT Junior 2020"]
[Site "Cakovec"]
[Date "2020.07.15"]
[Round "4.2"]
[White "Mijic, Karlo"]
[Black "Vidovic, Dominik"]
[Result "1-0"]
[WhiteElo "1729"]
[BlackElo "1484"]
[Annotator "NA RC"]
[PlyCount "167"]
[EventDate "2020.07.14"]
[EventType "team-tourn"]
[EventCountry "CRO"]
[SourceTitle "playchess.com"]
[Source "ChessBase"]
[SourceQuality "1"]
[TimeControl "5400+30"]

1. e4 {[%emt 0:00:30]} e6 {[%emt 0:00:30]} 2. d4 {[%emt 0:00:00]} d5 {[%emt 0:00:00]} 3. e5 {[%emt 0:00:00]} c5 {[%emt 0:00:00]} 4. c3 {[%emt 0:00:00]} Nc6 {[%emt 0:01:30]} 5. Nf3 {[%emt 0:00:00]} Qb6 {[%emt 0:00:30]} 6. b3 {[%emt 0:02:30]} cxd4 {[%emt 0:03:30]} 7. cxd4 {[%emt 0:00:00]} Bb4+ {[%emt 0:02:30]} 8. Ke2 {[%emt 0:03:00]} Qc7 {[%emt 0:10:30]} 9. a3 {[%emt 0:02:30]} Ba5 {[%emt 0:00:30]} 10. Bb2 {[%emt 0:00:00]} Nge7 {[%emt 0:01:30]} 11. b4 {[%emt 0:00:00]} Bb6 {[%emt 0:01:30]} 12. Nc3 {[%emt 0:00:30]} a6 {[%emt 0:02:30]} 13. Na4 {[%emt 0:04:30]} Nf5 {[%emt 0:05:30]} 14. Nxb6 {[%emt 0:04:30]} Qxb6 {[%emt 0:01:30]} 15. Qd3 {[%emt 0:00:00]} Bd7 {[%emt 0:01:30]} 16. g4 {[%emt 0:01:00]} Nfe7 {[%emt 0:00:30]} 17. Ke1 {[%emt 0:04:30]} O-O {[%emt 0:02:30]} 18. Ng5 {[%emt 0:02:30]} Ng6 {[%emt 0:03:30]} 19. h4 {[%emt 0:03:30]} h6 {[%emt 0:03:30]} 20. Rd1 {[%emt 0:01:30]} Nxb4 {[%emt 0:03:30]} 21. axb4 {[%emt 0:01:30]} Qxb4+ {[%emt 0:00:30]} 22. Bc3 {[%emt 0:00:30]} Qb3 {[%emt 0:02:30]} 23. Nf3 {[%emt 0:01:30]} Bb5 {[%emt 0:06:30]} 24. Qe3 {[%emt 0:01:30]} Bxf1 {[%emt 0:01:30]} 25. Rxf1 {[%emt 0:00:30]} Nf4 {[%emt 0:06:30]} 26. Qxf4 {[%emt 0:02:30]} Qxc3+ {[%emt 0:01:30]} 27. Ke2 {[%emt 0:00:30]} b5 {[%emt 0:03:30]} 28. Qd2 {[%emt 0:00:30]} Qc4+ {[%emt 0:00:30]} 29. Qd3 {[%emt 0:00:30]} Rfc8 {[%emt 0:02:30]} 30. Qxc4 {[%emt 0:00:30]} dxc4 {[%emt 0:00:30]} 31. Rb1 {[%emt 0:00:30]} c3 {[%emt 0:02:30]} 32. Kd3 {[%emt 0:00:00]} Rab8 {[%emt 0:01:30]} 33. Rb3 {[%emt 0:02:00]} b4 {[%emt 0:01:30]} 34. Rfb1 {[%emt 0:00:00]} a5 {[%emt 0:01:30]} 35. Ne1 {[%emt 0:00:00]} Rc7 {[%emt 0:03:30]} 36. Ra1 {[%emt 0:00:30]} Ra7 {[%emt 0:00:30]} 37. Nc2 {[%emt 0:01:30]} Kf8 {[%emt 0:01:30]} 38. Ra4 {[%emt 0:00:30]} Rba8 {[%emt 0:02:30]} 39. f4 {[%emt 0:01:30]} Ke7 {[%emt 0:00:30]} 40. Ke4 {[%emt 0:02:30]} Ra6 {[%emt 0:05:28]} 41. Kd3 {[%emt 0:03:30]} Kd7 {[%emt 0:00:55]} 42. Nxb4 {[%emt 0:00:30]} axb4 {[%emt 0:00:43]} 43. Rxa6 {[%emt 0:01:30]} Rxa6 {[%emt 0:00:02]} 44. Rxb4 {[%emt 0:00:30]} Rc6 {[%emt 0:01:26]} 45. Rb7+ {[%emt 0:00:00]} Kc8 {[%emt 0:01:01]} 46. Rb1 {[%emt 0:00:00]} Kd7 {[%emt 0:02:14]} 47. Rc1 {[%emt 0:00:30]} Ra6 {[%emt 0:01:19]} 48. Rb1 {[%emt 0:04:30]} Ra2 {[%emt 0:02:46]} 49. Rb7+ {[%emt 0:00:30]} Ke8 {[%emt 0:00:26]} 50. Rb8+ {[%emt 0:00:30]} Ke7 {[%emt 0:00:48]} 51. Rg8 {[%emt 0:00:30]} Rg2 {[%emt 0:02:15]} 52. g5 {[%emt 0:00:30]} c2 {[%emt 0:01:29]} 53. Rc8 {[%emt 0:00:00]} c1=Q {[%emt 0:00:19]} 54. Rxc1 {[%emt 0:00:00]} Rh2 {[%emt 0:00:58]} 55. Rc7+ {[%emt 0:00:30]} Ke8 {[%emt 0:00:05]} 56. g6 {[%emt 0:00:30]} fxg6 {[%emt 0:00:48]} 57. Rxg7 {[%emt 0:00:30]} Rxh4 {[%emt 0:00:56]} 58. Rxg6 {[%emt 0:00:00]} Ke7 {[%emt 0:01:00]} 59. Ke4 {[%emt 0:03:00]} Rh1 {[%emt 0:01:10]} 60. Rg7+ {[%emt 0:01:30]} Ke8 {[%emt 0:01:36]} 61. Rg2 {[%emt 0:00:00]} Re1+ {[%emt 0:00:29]} 62. Kf3 {[%emt 0:00:00]} Rf1+ {[%emt 0:00:46]} 63. Rf2 {[%emt 0:00:30]} Rd1 {[%emt 0:00:03]} 64. Ke3 {[%emt 0:00:00]} Re1+ {[%emt 0:00:57]} 65. Re2 {[%emt 0:00:00]} Rh1 {[%emt 0:00:27]} 66. Rd2 {[%emt 0:00:30]} Re1+ {[%emt 0:00:36]} 67. Kf2 {[%emt 0:00:00]} Re4 {[%emt 0:00:49]} 68. Kf3 {[%emt 0:00:00]} Re1 {[%emt 0:00:04]} 69. Rh2 {[%emt 0:00:00]} Rf1+ {[%emt 0:00:25]} 70. Ke3 {[%emt 0:00:00]} Re1+ {[%emt 0:00:33]} 71. Kf2 {[%emt 0:00:30]} Re4 {[%emt 0:00:14]} 72. Rxh6 {[%emt 0:00:30]} Ke7 {[%emt 0:01:50]} 73. f5 {[%emt 0:01:30]} Rf4+ {[%emt 0:00:41]} 74. Ke3 {[%emt 0:00:00]} Rxf5 {[%emt 0:00:03]} 75. Rh7+ {[%emt 0:00:00]} Rf7 {[%emt 0:01:04]} 76. Rxf7+ {[%emt 0:00:30]} Kxf7 {[%emt 0:00:02]} 77. Kd3 {[%emt 0:01:30]} Ke7 {[%emt 0:00:03]} 78. Kc3 {[%emt 0:00:00]} Kd7 {[%emt 0:00:25]} 79. Kb4 {[%emt 0:00:00]} Kc6 {[%emt 0:01:11]} 80. Kc4 {[%emt 0:00:30]} Kd7 {[%emt 0:01:14]} 81. Kb5 {[%emt 0:00:00]} Kc7 {[%emt 0:00:10]} 82. Kc5 {[%emt 0:00:00]} Kd7 {[%emt 0:00:20]} 83. Kb6 {[%emt 0:00:30]} Ke7 {[%emt 0:01:06]} 84. Kc7 {[%emt 0:00:00]} 1-0

[Event "29th CRO-chT Junior 2020"]
[Site "Cakovec"]
[Date "2020.07.15"]
[Round "4.3"]
[White "Vuk, Sebastijan"]
[Black "Bedic, Noemi"]
[Result "0-1"]
[WhiteElo "1382"]
[BlackElo "1712"]
[Annotator "NA RC"]
[PlyCount "74"]
[EventDate "2020.07.14"]
[EventType "team-tourn"]
[EventCountry "CRO"]
[SourceTitle "playchess.com"]
[Source "ChessBase"]
[SourceQuality "1"]
[TimeControl "5400+30"]

1. e4 {[%emt 0:00:30]} e5 {[%emt 0:00:30]} 2. Nf3 {[%emt 0:00:00]} Nc6 {[%emt 0:00:00]} 3. Bb5 {[%emt 0:00:00]} a6 {[%emt 0:00:00]} 4. Bxc6 {[%emt 0:00:00]} dxc6 {[%emt 0:00:00]} 5. Nc3 {[%emt 0:00:00]} Bd6 {[%emt 0:00:00]} 6. d3 {[%emt 0:00:30]} Ne7 {[%emt 0:00:00]} 7. Be3 {[%emt 0:00:30]} O-O {[%emt 0:02:00]} 8. h3 {[%emt 0:01:30]} h6 {[%emt 0:01:30]} 9. O-O {[%emt 0:00:30]} Be6 {[%emt 0:00:30]} 10. Re1 {[%emt 0:03:30]} Ng6 {[%emt 0:00:30]} 11. d4 {[%emt 0:00:30]} Qe7 {[%emt 0:05:30]} 12. Qe2 {[%emt 0:05:30]} Rad8 {[%emt 0:03:30]} 13. a3 {[%emt 0:00:30]} Rfe8 {[%emt 0:01:30]} 14. Na2 {[%emt 0:04:30]} exd4 {[%emt 0:05:30]} 15. Nxd4 {[%emt 0:03:30]} Bxa2 {[%emt 0:08:30]} 16. Nf5 {[%emt 0:08:30]} Qxe4 {[%emt 0:00:30]} 17. Nxd6 {[%emt 0:07:30]} Rxd6 {[%emt 0:00:30]} 18. Rxa2 {[%emt 0:03:30]} Nh4 {[%emt 0:00:00]} 19. Qg4 {[%emt 0:01:30]} Rg6 {[%emt 0:03:00]} 20. Qxe4 {[%emt 0:02:30]} Rxe4 {[%emt 0:00:30]} 21. Kh1 {[%emt 0:08:30]} Nxg2 {[%emt 0:00:00]} 22. Re2 {[%emt 0:03:30]} Nxe3 {[%emt 0:00:00]} 23. Rxe3 {[%emt 0:02:30]} Rxe3 {[%emt 0:00:00]} 24. fxe3 {[%emt 0:00:30]} Rg3 {[%emt 0:00:00]} 25. e4 {[%emt 0:00:30]} Rxh3+ {[%emt 0:00:30]} 26. Kg2 {[%emt 0:00:30]} Re3 {[%emt 0:00:00]} 27. Kf2 {[%emt 0:00:30]} Rxe4 {[%emt 0:00:00]} 28. Ra1 {[%emt 0:00:00]} f5 {[%emt 0:00:30]} 29. Rd1 {[%emt 0:00:00]} Re7 {[%emt 0:00:30]} 30. Rd8+ {[%emt 0:00:30]} Kf7 {[%emt 0:00:30]} 31. Rb8 {[%emt 0:00:00]} b6 {[%emt 0:00:00]} 32. Ra8 {[%emt 0:01:00]} a5 {[%emt 0:00:00]} 33. b4 {[%emt 0:00:30]} axb4 {[%emt 0:00:30]} 34. axb4 {[%emt 0:00:00]} g5 {[%emt 0:00:30]} 35. Rh8 {[%emt 0:00:00]} Kg6 {[%emt 0:00:00]} 36. Rg8+ {[%emt 0:00:30]} Kh5 {[%emt 0:00:00]} 37. Rf8 {[%emt 0:00:30]} f4 {[%emt 0:00:30]} 0-1

[Event "29th CRO-chT Junior 2020"]
[Site "Cakovec"]
[Date "2020.07.15"]
[Round "4.4"]
[White "Jaksic, Josip"]
[Black "Kristofic, Dino"]
[Result "1-0"]
[WhiteElo "1616"]
[BlackElo "1290"]
[Annotator "NA RC"]
[PlyCount "37"]
[EventDate "2020.07.14"]
[EventType "team-tourn"]
[EventCountry "CRO"]
[SourceTitle "playchess.com"]
[Source "ChessBase"]
[SourceQuality "1"]
[TimeControl "5400+30"]

1. e4 {[%emt 0:00:30]} c5 {[%emt 0:00:30]} 2. Nf3 {[%emt 0:00:00]} d6 {[%emt 0:00:30]} 3. d4 {[%emt 0:00:00]} cxd4 {[%emt 0:00:30]} 4. Nxd4 {[%emt 0:00:30]} Nf6 {[%emt 0:00:30]} 5. Nc3 {[%emt 0:00:30]} g6 {[%emt 0:00:30]} 6. Be2 {[%emt 0:00:30]} Bg7 {[%emt 0:00:30]} 7. Be3 {[%emt 0:00:30]} O-O {[%emt 0:01:30]} 8. Qd2 {[%emt 0:02:30]} b6 {[%emt 0:05:30]} 9. Bf3 {[%emt 0:12:30]} e5 {[%emt 0:07:30]} 10. Ndb5 {[%emt 0:01:30]} Ne8 {[%emt 0:01:30]} 11. Qd5 {[%emt 0:02:30]} Nc7 {[%emt 0:11:30]} 12. Nxc7 {[%emt 0:01:30]} Qxc7 {[%emt 0:00:30]} 13. Qxa8 {[%emt 0:10:30]} Nc6 {[%emt 0:00:30]} 14. Nd5 {[%emt 0:01:30]} Qd7 {[%emt 0:02:30]} 15. Nxb6 {[%emt 0:01:30]} Qc7 {[%emt 0:00:30]} 16. Nd5 {[%emt 0:01:30]} Qd7 {[%emt 0:00:30]} 17. Ne7+ {[%emt 0:00:30]} Nxe7 {[%emt 0:01:30]} 18. Qxa7 {[%emt 0:00:30]} Qd8 {[%emt 0:10:30]} 19. O-O {[%emt 0:01:30]} 1-0

[Event "29th CRO-chT Junior 2020"]
[Site "Cakovec"]
[Date "2020.07.15"]
[Round "4.5"]
[White "Haidinger, Erik"]
[Black "Jambresic, Filip"]
[Result "0-1"]
[WhiteElo "1767"]
[BlackElo "2077"]
[Annotator "TA"]
[PlyCount "130"]
[EventDate "2020.07.14"]
[EventType "team-tourn"]
[EventCountry "CRO"]
[SourceTitle "playchess.com"]
[Source "ChessBase"]
[SourceQuality "1"]

{[%evp 14,130,2,-10,0,0,4,0,0,-22,-8,-40,1,0,0,0,1,0,7,9,0,-38,-15,-122,-50,-60,-52,-102,-86,-89,-62,-101,-95,-81,-60,-100,-102,-71,-87,-108,-74,-89,-19,-19,-20,-26,0,0,0,0,0,-98,-82,-88,-55,-72,-74,-119,-124,-119,25,-118,-83,-119,0,-26,106,48,241,0,0,-22,-47,-22,-59,-167,-133,-372,-350,-360,-337,-472,-476,-470,-454,-415,-435,-476,-464,-449,-418,-463,-424,-6191,-6179,-5632,-5302,-4822,-4770,-856,-1080,-2051,-2050,-29976,-29976,-29978,-2316,-1950,-2145,-1903,-1664,-5289,-5214,-29984,-29985,-29985,-29984,-29991,-29992]} 1. d4 Nf6 2. Bf4 e6 3. Nf3 c5 4. e3 Nc6 5. c3 d5 6. Nbd2 {[%cal Bb1d2,Bd2f3,Bf3e5][%mdl 32]} Bd6 7. Ne5 Qc7 8. Ndf3 O-O {D02: 1 d4 d5 2 Nf3 sidelines, including 2...Nf6 3 g3 and 2...Nf6 3 Bf4.} 9. Bd3 h6 10. Nxc6 bxc6 {The position is equal.} 11. Ne5 {[#]} Rb8 $146 {Threatening ...c4.} ({Predecessor:} 11... Nd7 12. Qh5 Nf6 13. Qf3 Ne8 14. Qg3 cxd4 15. cxd4 Kh8 16. h4 Bxe5 17. Bxe5 Qa5+ {1-0 (46) Fomichev,S (2006)-Vasiliev,G (1750) Golubitskaya 2014}) 12. Rb1 c4 13. Bc2 Re8 14. Qf3 Nd7 {[%cal Rd7e5]} 15. Qg3 Bxe5 $1 16. dxe5 {Black must now prevent Bxh6.} Kf8 17. Qh4 Nxe5 18. Qh5 (18. Qg3 $11 f6 19. O-O) 18... f6 ({Better is} 18... Nd3+ $1 $17 19. Bxd3 e5 20. Bxc4 exf4) 19. h4 Rb6 (19... c5 {seems wilder.} 20. O-O Rd8 21. Qg6 Ba6 22. Rfd1 Rb7) 20. Qg6 {With the idea Qh7.} Qf7 21. Bxe5 fxe5 22. Qg3 {White wants to play Bg6.} Qf6 $1 23. O-O Ba6 24. e4 Qf4 25. Qg6 d4 26. g3 Qf6 27. Qh5 Qf7 (27... d3 $17 28. Ba4 Reb8) 28. Qxe5 $11 d3 29. Bd1 Reb8 30. f4 {f5 is the strong threat.} Qf6 ({Don't blunder} 30... Rxb2 $2 31. Bb3 $1 $18 {[%mdl 512]}) 31. Qd6+ Qe7 32. Qe5 (32. Qxe7+ $11 {keeps the balance.} Kxe7 33. b3) 32... Rb5 $36 {[%mdl 2048] Keeping White busy.} ({And not} 32... Rxb2 33. Rxb2 Rxb2 34. f5 $14) 33. Qd4 Rxb2 34. Rxb2 Rxb2 35. f5 e5 36. Qe3 Rb5 ({Of course not} 36... Rxa2 $6 37. f6 $1 $14 {[%mdl 512]}) (36... Kg8 $17 {And now ...Bc8 would win.} 37. Rf2 Rb1) 37. Kh2 (37. a4 $11 {remains equal.} Ra5 38. Bh5) 37... Qc5 38. Qd2 Rb7 (38... Rb1 $17 {aiming for ...Qb6.} 39. Be2 Qb6 40. Rxb1 Qxb1) 39. f6 Qd6 (39... Rb1 $11 40. g4 Qb6) 40. Bh5 $16 {[%mdl 1024] White has strong compensation.} Rc7 $2 {[#]} ({Black should try} 40... Kg8 $1 $14) 41. Rf5 $2 ({White must play} 41. g4 $1 $18 {[%cal Rg4g5] Threatens to win with g5.} Bc8 42. g5) 41... Bc8 42. Rf2 Kg8 43. Qe3 Be6 44. Rb2 {Black continues to play with concentration.} (44. fxg7 $15 Bc8 45. Rf3) 44... Bf7 45. Bxf7+ $2 (45. Rb8+ $17 Kh7 46. fxg7 Kxg7 47. Qf3) 45... Rxf7 $19 (45... Kxf7 $2 46. Rf2 $19) 46. fxg7 Kxg7 $17 {[%mdl 4096] Endgame KQR-KQR} (46... Rxg7 $2 47. Rf2 $19) 47. Qd2 (47. Kg2 $142) 47... Qf6 $19 48. Qd1 Qg6 49. Qe1 Qg4 50. Qe3 Qf3 51. Qe1 a5 52. a4 Rd7 53. Rf2 {[#]} (53. Kg1 $142 Kh7 54. Kh2) 53... Qxf2+ $1 {[%mdl 576] Remove Defender, Promotion} 54. Qxf2 {KQ-KR} d2 55. Qf5 d1=Q 56. Qxe5+ Kf7 {( -> ...Qg4)} 57. Qf5+ Ke8 58. Qe5+ Re7 59. Qb8+ Qd8 (59... Kf7 $142 60. Qf4+ Kg7 61. Qe3 Qc2+ 62. Kh3 Qxe4 63. Qf2 Qh1+ 64. Qh2 Qf1+ 65. Qg2 Qxg2+ 66. Kxg2 Re3 67. g4 Rxc3 68. h5 Rd3 69. Kf2 c3 70. Ke2 Rd5 71. g5 c2 72. Kf3 c1=Q 73. gxh6+ Kxh6 74. Kg2 Rd3 75. Kh2 Qc2+ {[%mdl 64] Double Attack} 76. Kh1 Rd1#) 60. Qf4 Re6 61. Qg4 Qe7 62. Qg8+ Kd7 63. Qa8 Rxe4 {Black mates.} 64. Qb7+ Kd6 65. Qb8+ Kc5 {Accuracy: White = 47%, Black = 68%.} 0-1

[Event "29th CRO-chT Junior 2020"]
[Site "Cakovec"]
[Date "2020.07.15"]
[Round "4.5"]
[White "Haidinger, Erik"]
[Black "Jambresic, Filip"]
[Result "*"]
[WhiteElo "1767"]
[BlackElo "2077"]
[Annotator "RC"]
[PlyCount "72"]
[EventDate "2020.07.14"]
[EventType "team-tourn"]
[EventCountry "CRO"]
[SourceTitle "playchess.com"]
[Source "ChessBase"]
[SourceQuality "1"]
[TimeControl "5400+30"]

1. d4 {[%emt 0:00:30]} Nf6 {[%emt 0:00:30]} 2. Bf4 {[%emt 0:00:00]} e6 {[%emt 0:00:30]} 3. Nf3 {[%emt 0:00:00]} c5 {[%emt 0:00:30]} 4. e3 {[%emt 0:00:30]} Nc6 {[%emt 0:02:30]} 5. c3 {[%emt 0:00:30]} d5 {[%emt 0:01:30]} 6. Nbd2 {[%emt 0:00:30]} Bd6 {[%emt 0:00:30]} 7. Ne5 {[%emt 0:03:30]} Qc7 {[%emt 0:04:30]} 8. Ndf3 {[%emt 0:01:30]} O-O {[%emt 0:01:30]} 9. Bd3 {[%emt 0:01:30]} h6 {[%emt 0:07:30]} 10. Nxc6 {[%emt 0:02:30]} bxc6 {[%emt 0:00:30]} 11. Ne5 {[%emt 0:01:30]} Rb8 {[%emt 0:10:30]} 12. Rb1 {[%emt 0:03:30]} c4 {[%emt 0:00:30]} 13. Bc2 {[%emt 0:00:30]} Re8 {[%emt 0:25:30]} 14. Qf3 {[%emt 0:03:30]} Nd7 {[%emt 0:04:30]} 15. Qg3 {[%emt 0:02:30]} Bxe5 {[%emt 0:14:30]} 16. dxe5 {[%emt 0:01:30]} Kf8 {[%emt 0:00:30]} 17. Qh4 {[%emt 0:13:30]} Nxe5 {[%emt 0:04:23]} 18. Qh5 {[%emt 0:01:30]} f6 {[%emt 0:00:37]} 19. h4 {[%emt 0:02:30]} Rb6 {[%emt 0:09:26]} 20. Qg6 {[%emt 0:12:30]} Qf7 {[%emt 0:02:17]} 21. Bxe5 {[%emt 0:00:30]} fxe5 {[%emt 0:00:18]} 22. Qg3 {[%emt 0:01:30]} Qf6 {[%emt 0:00:17]} 23. Rf1 {[%emt 0:01:30]} Ba6 {[%emt 0:00:30]} 24. e4 {[%emt 0:00:30]} Qf4 {[%emt 0:00:30]} 25. Qg6 {[%emt 0:00:30]} d4 {[%emt 0:02:34]} 26. g3 {[%emt 0:04:30]} Qf6 {[%emt 0:00:51]} 27. Qh5 {[%emt 0:00:30]} Qf7 {[%emt 0:02:42]} 28. Qxe5 {[%emt 0:00:30]} d3 {[%emt 0:00:07]} 29. Bd1 {[%emt 0:00:30]} Reb8 {[%emt 0:01:07]} 30. f4 {[%emt 0:01:30]} Qf6 {[%emt 0:00:11]} 31. Qd6+ {[%emt 0:02:30]} Qe7 {[%emt 0:00:01]} 32. Qe5 {[%emt 0:00:30]} Rb5 {[%emt 0:00:32]} 33. Qd4 {[%emt 0:00:30]} Rxb2 {[%emt 0:00:30]} 34. Rxb2 {[%emt 0:00:30]} Rxb2 {[%emt 0:00:00]} 35. f5 {[%emt 0:01:30]} e5 {[%emt 0:00:00]} 36. Qe3 {[%emt 0:00:00]} Rb5 {[%emt 0:02:41]} *

[Event "29th CRO-chT Junior 2020"]
[Site "Cakovec"]
[Date "2020.07.15"]
[Round "4.6"]
[White "Cigrovski, Jakov"]
[Black "Sundac, Ivano"]
[Result "1-0"]
[WhiteElo "2010"]
[BlackElo "1408"]
[Annotator "TA"]
[PlyCount "67"]
[EventDate "2020.07.14"]
[EventType "team-tourn"]
[EventCountry "CRO"]
[SourceTitle "playchess.com"]
[Source "ChessBase"]
[SourceQuality "1"]

{[%evp 9,67,30,12,11,39,-22,-28,-32,-37,-33,-25,-23,0,3,47,59,40,20,23,-12,0,-9,9,5,72,0,38,25,74,36,106,39,38,30,36,4,22,19,18,6,41,8,137,118,203,191,258,263,285,281,508,274,272,270,670,600,29994,29995,29995,29996]} 1. c4 e5 2. Nc3 Nc6 3. Nf3 g6 4. d4 exd4 5. Nxd4 Bg7 6. Nxc6 {A27: English Opening: Three Knights Variation.} dxc6 {[#]} 7. Qb3 $146 (7. Qxd8+ $14 Kxd8 8. e4) ({Predecessor:} 7. Qxd8+ Kxd8 8. Bg5+ Ke8 9. O-O-O Be6 10. e4 Bh6 11. Bxh6 Nxh6 12. Be2 Ke7 13. b3 f6 {1-0 (58) Caruana,F (2812)-Anton Guijarro,D (2674) Douglas 2019}) 7... Nf6 $11 8. Bg5 {Black has an edge.} h6 9. Bh4 O-O 10. e3 b6 11. Be2 Bf5 {[#]} 12. e4 $1 {[%mdl 512]} g5 $1 (12... Bxe4 13. Nxe4) 13. exf5 (13. Bxg5 {feels hotter.} hxg5 14. exf5 Qe7 15. O-O Ne4 16. Nxe4 Qxe4 17. Bd3) 13... gxh4 14. h3 Qd7 15. Qc2 Ne8 16. O-O Nd6 {[#]} (16... Rd8 $11) 17. Bd3 (17. f6 $1 $16 {Threatens to win with Bg4.} Bxf6 18. Bg4) 17... Kh8 18. Rad1 Rg8 19. Qe2 Bf6 ({Black should try} 19... Rae8 $14 20. Qf3 Bxc3 21. bxc3 Rg5) 20. Qf3 (20. Ne4 $16 Qe7 21. Qh5) 20... Bxc3 $14 21. bxc3 Rg5 $1 22. Be4 Rag8 23. Qf4 $40 {[%mdl 128] c5 is the strong threat. White mounts an attack.} Qe7 24. Bxc6 Nxf5 25. Kh1 Qf6 (25... R8g6 $11 26. Rfe1 Qf6) 26. Qxc7 $16 R5g6 (26... Ne7 $16 27. Rd6 Qe5) 27. Bf3 $18 a5 (27... Kg7 {is a better defense.} 28. Rd7 (28. Qxa7 Qxc3 29. Rfe1 Rd8 $16) 28... Re8 29. Qxa7 Re7 30. Rxe7 Qxe7 31. Qxe7 Nxe7) 28. Rd7 R6g7 29. Rb1 Qxc3 $2 (29... Re8 30. Kh2 Re6) 30. Rxf7 Rxf7 31. Qxf7 Qc2 $2 (31... Qe5 32. Bd5 Rg7) 32. Re1 {And now Bd5 would win.} Qxf2 33. Qf6+ Kh7 34. Qxf5+ {Accuracy: White = 60%, Black = 33%.} 1-0

[Event "29th CRO-chT Junior 2020"]
[Site "Cakovec"]
[Date "2020.07.15"]
[Round "4.7"]
[White "Tomljanovic, Ivano"]
[Black "Mahecic, Lovre"]
[Result "0-1"]
[WhiteElo "1393"]
[BlackElo "1949"]
[Annotator "TA"]
[PlyCount "80"]
[EventDate "2020.07.14"]
[EventType "team-tourn"]
[EventCountry "CRO"]
[SourceTitle "playchess.com"]
[Source "ChessBase"]
[SourceQuality "1"]

{[%evp 9,80,18,27,8,20,2,9,18,10,-3,33,3,68,68,76,23,27,0,8,-85,-6,-6,33,0,0,-11,1,-29,0,-10,8,0,22,20,2,-20,0,-10,59,0,27,-13,-11,-11,-15,0,-15,-57,-50,-59,-64,-133,-133,-193,-6,-154,-51,-163,-160,-187,-202,-187,-146,-764,-760,-758,-765,-764,-760,-741,-743,-1591,-328]} 1. e4 e5 2. Nf3 Nc6 3. Bc4 Bc5 4. O-O d6 5. d3 h6 6. Be3 {C50: Hungarian Defence and Giuoco Pianissimo.} Bb6 7. c3 Nf6 8. Nbd2 {The position is equal.} O-O 9. b4 Be6 10. a4 {[#]} Ne7 $146 (10... Bxe3 $11 11. fxe3 Qd7) ({Predecessor:} 10... Bxe3 11. fxe3 Ne7 12. Nh4 d5 13. Ba2 Qd7 14. Rxf6 gxf6 15. Bxd5 Bxd5 16. exd5 Ng6 {1-0 (31) Guether,J (1938)-Horn,A (1860) Schney 2020}) 11. Bxe6 $14 fxe6 12. Nb3 ({Better is} 12. Bxh6 $16 gxh6 13. a5) 12... Ng6 $11 13. Qd2 Ng4 {Hoping for ...Rxf3!} 14. h3 {[#]} (14. Qe2 $11) 14... Nxe3 (14... Rxf3 $1 $17 15. gxf3 Qh4 16. fxg4 (16. hxg4 {leads to mate.} Qh3 17. Bg5 Kf7 18. Nd4 hxg5 19. Qa2 exd4 20. cxd4 Nf4 21. Qxe6+ {[%mdl 64] Remove Defender} Kxe6 22. d5+ Kf7 23. Rfe1 Qg2#) 16... Qxh3) 15. fxe3 {a5 is the strong threat.} a6 16. d4 Qe7 17. Rae1 c6 18. Kh1 Rac8 19. Qf2 Kh7 20. Qg3 Bc7 21. h4 exd4 22. exd4 Rf7 23. h5 Nh8 (23... Nf4 $11) 24. Nh4 (24. d5 $14) 24... Rcf8 25. Rf3 Bd8 26. Ng6 $1 {[%cal Rg6e7]} Rxf3 27. gxf3 Nxg6 28. Qxg6+ Kh8 {White must now prevent ...Qh4+.} 29. Kg2 Rf6 $36 {[%mdl 2048] Black has good play.} 30. Qg3 {[#]} (30. Qg4 $1 $15) 30... Qf7 $1 $17 {[%cal Rf7h5]} 31. Rh1 (31. Qg4 $17) 31... Rf4 $2 (31... e5 $1 $19 32. dxe5 dxe5) 32. c4 (32. Nc1 $1 $11 {keeps the balance.}) 32... d5 (32... e5 $17 33. d5 cxd5 34. cxd5 Bg5) 33. cxd5 (33. Nc5 $1 $15 dxe4 34. Nxe4) 33... exd5 $19 34. Nc5 dxe4 35. Nxe4 Qa2+ 36. Kh3 $2 {[%mdl 8192] Now White is beyond hope.} (36. Qf2 $17 Qd5 37. Qe3) 36... Rh4+ {Black is clearly winning.} 37. Qxh4 Bxh4 38. Kxh4 Qxa4 39. Rb1 Qb5 40. Nd6 Qg5+ {Accuracy: White = 37%, Black = 60%.} 0-1